| 000 | 00529nam a22001817a 4500 | ||
|---|---|---|---|
| 003 | OSt | ||
| 005 | 20220817154043.0 | ||
| 008 | 211112b ||||| |||| 00| 0 eng d | ||
| 022 |
_22231-6655 _a2231-6655 |
||
| 040 | _cResearch Development Foundation | ||
| 222 | _aIndian Journal of Research | ||
| 245 | _aIndian Journal of Research | ||
| 260 |
_aJaipur _bResearch Development Foundation |
||
| 310 | _aHalf Yearly | ||
| 650 |
_aEconomic Development _vPeriodical _910272 |
||
| 655 |
_aPeriodical _910273 |
||
| 942 |
_2ddc _cPR _s1 |
||
| 999 |
_c220534 _d220534 |
||